Le Musée du Louvre (Record no. 8024)

MARC details
000 -CABECERA
campo de control de longitud fija 01129nam a2200289 a 4500
001 - NÚMERO DE CONTROL
campo de control BRCA_8356
005 - FECHA Y HORA DE LA ÚLTIMA TRANSACCIÓN
campo de control 20190320210239.0
008 - DATOS DE LONGITUD FIJA--INFORMACIÓN GENERAL
campo de control de longitud fija 180714s1914----fr-a###f##---#001-0#fre-#
041 ## - CÓDIGO DE LENGUA
Código de lengua del texto/banda sonora o título independiente fre
044 ## - CÓDIGO DEL PAÍS DE LA ENTIDAD EDITORA/PRODUCTORA
Código MARC del país fr
050 #4 - SIGNATURA TOPOGRÁFICA DE LA BIBLIOTECA DEL CONGRESO
Número de clasificación ND641
Número de documento/Ítem .H66 1919
245 10 - MENCIÓN DE TÍTULO
Título Le Musée du Louvre
Resto del título depuis 1914, dons. legs et acquisitions
Mención de responsabilidad, etc. publié par le soins de Henri Riviére ; preface de Louis Barthou.
260 ## - PUBLICACIÓN, DISTRIBUCIÓN, ETC.
Lugar de publicación, distribución, etc. Paris
Nombre del editor, distribuidor, etc. Demotte
Fecha de publicación, distribución, etc. 1919-1921
300 ## - DESCRIPCIÓN FÍSICA
Extensión 3 v.
Otras características físicas il., láminas
Dimensiones 44 cm.
440 #0 - MENCIÓN DE SERIE/PUNTO DE ACCESO ADICIONAL--TÍTULO
Título Les accroissements des Musées Nationaux Francaise : recueil annuel
9 (RLIN) 20919
500 ## - NOTA GENERAL
Nota general Incluye tabla alfabética de adquisiciones
500 ## - NOTA GENERAL
Nota general R94
505 0# - NOTA DE CONTENIDO CON FORMATO
Nota de contenido con formato v.1 Sculptures. Peintures (1919).-- v.2 Dessins. Miniatures. Des Ouvres D´art (1920).-- v.3 Sculptures. Peintures. Des Ouvres D´art (1921)
610 24 - PUNTO DE ACCESO ADICIONAL DE MATERIA--NOMBRE DE ENTIDAD CORPORATIVA
Nombre de entidad corporativa o nombre de jurisdicción como elemento de entrada Musée du Louvre, Paris
Subdivisión de forma Anuario
9 (RLIN) 20920
650 14 - PUNTO DE ACCESO ADICIONAL DE MATERIA--TÉRMINO DE MATERIA
Término de materia o nombre geográfico como elemento de entrada Objetos de arte
Subdivisión de forma Adquisiciones
9 (RLIN) 20921
650 14 - PUNTO DE ACCESO ADICIONAL DE MATERIA--TÉRMINO DE MATERIA
Término de materia o nombre geográfico como elemento de entrada Objetos de arte
Subdivisión de forma Legado
9 (RLIN) 20922
650 14 - PUNTO DE ACCESO ADICIONAL DE MATERIA--TÉRMINO DE MATERIA
Término de materia o nombre geográfico como elemento de entrada Objetos de arte
Subdivisión de forma Donaciones
9 (RLIN) 20923
700 1# - PUNTO DE ACCESO ADICIONAL--NOMBRE DE PERSONA
Nombre de persona Riviére, Henri
Término indicativo de función/relación publ.
9 (RLIN) 20924
700 1# - PUNTO DE ACCESO ADICIONAL--NOMBRE DE PERSONA
Nombre de persona Barthou, Louis
Término indicativo de función/relación Pref.
9 (RLIN) 20925
902 ## - CATALOGADOR
Iniciales GFM
942 ## - ELEMENTOS DE PUNTO DE ACCESO ADICIONAL (KOHA)
Fuente del sistema de clasificación o colocación Library of Congress Classification
Tipo de ítem Koha Libros
Holdings
Estado de retiro Estado de pérdida Estado dañado No para préstamo Localización permanente Ubicación/localización actual Fecha de adquisición Número de inventario Total de préstamos Signatura topográfica completa Código de barras Fecha visto por última vez Precio válido a partir de Tipo de ítem Koha
El ejemplar forma parte de la colección y puede ser consultado según las políticas vigentes.       Biblioteca del Museo Franz Mayer (Rogerio Casas-Alatriste) Biblioteca del Museo Franz Mayer (Rogerio Casas-Alatriste) 18/07/2014 R94   ND641 .H66 1919 (R94) 8980 22/03/2019 22/03/2019 Libros